[Event "Sao Paulo op"]
[Site "Sao Paulo"]
[Date "2010.04.18"]
[Round "6"]
[White "De Sousa, Matheus Mazim"]
[Black "Reis, Alan Maranhao"]
[Result "0-1"]
[WhiteElo "1805"]
[BlackElo "2017"]
[PlyCount "151"]
[EventDate "2010.04.15"]
[EventType "swiss"]
[EventRounds "7"]
[EventCountry "BRA"]
[SourceTitle "CBM 136 Extra"]
[Source "ChessBase"]
[SourceDate "2010.07.02"]
[SourceVersion "2"]
[SourceVersionDate "2010.07.15"]
[SourceQuality "1"]

1. d4 d5 2. c4 dxc4 3. Nc3 Nf6 4. Nf3 e6 5. Bg5 Be7 6. e3 0-0 7. Bxc4 a6 8. a4 c5 9. dxc5 Qa5 10. 0-0 Qxc5 11. Be2 Rd8 12. Qb3 Nc6 13. Bxf6 gxf6 14. Rfd1 Bd7 15. Ne4 Qb4 16. Qxb4 Nxb4 17. Nc3 f5 18. Ne5 Be8 19. Nd3 Nxd3 20. Rxd3 Rxd3 21. Bxd3 Rc8 22. e4 f4 23. Ne2 Rd8 24. Nxf4 Bg5 25. Nh3 Rxd3 26. Nxg5 Bxa4 27. f3 Bb5 28. Rc1 h6 29. Nh3 Rd2 30. Nf4 Bc6 31. b3 Kf8 32. Rc3 Ke7 33. Rd3 Rb2 34. e5 a5 35. h4 b5 36. Rd6 Bd7 37. Ra6 Rxb3 38. Rxa5 Re3 39. Kf2 Rxe5 40. Nd3 Rd5 41. Ke3 f6 42. g4 Rd6 43. Nc5 Rd5 44. Nxd7 Kxd7 45. Ra7+ Kd6 46. Ra6+ Ke7 47. Rb6 f5 48. g5 hxg5 49. hxg5 Rc5 50. Kf4 Kf7 51. g6+ Kf6 52. g7 Rc8 53. Rxb5 Rg8 54. Ra5 Rxg7 55. Ra3 Rg1 56. Ke3 e5 57. Ra6+ Kg5 58. Ra8 Re1+ 59. Kf2 Rb1 60. Ra2 Rb3 61. Rc2 Kf4 62. Rc4+ e4 63. fxe4 fxe4 64. Rc2 Rf3+ 65. Ke2 Rh3 66. Rc8 Rh2+ 67. Kf1 Kf3 68. Rf8+ Ke3 69. Ra8 Rh1+ 70. Kg2 Rd1 71. Rh8 Ke2 72. Rh2 Kd3 73. Rh8 e3 74. Rd8+ Ke2 75. Re8 Rd3 76. Rh8 0-1

[Event "Sao Paulo op"]
[Site "Sao Paulo"]
[Date "2010.04.16"]
[Round "2"]
[White "Rodrigues, Bruno Morado"]
[Black "Reis, Alan Maranhao"]
[Result "1-0"]
[WhiteElo "2060"]
[BlackElo "2017"]
[PlyCount "103"]
[EventDate "2010.04.15"]
[EventType "swiss"]
[EventRounds "7"]
[EventCountry "BRA"]
[SourceTitle "CBM 136 Extra"]
[Source "ChessBase"]
[SourceDate "2010.07.02"]
[SourceVersion "2"]
[SourceVersionDate "2010.07.15"]
[SourceQuality "1"]

1. e4 e6 2. Qe2 b6 3. g3 Bb7 4. Bg2 Nf6 5. d3 Be7 6. f4 d5 7. e5 Nfd7 8. Nf3 c5 9. Nbd2 Nc6 10. c3 Qc7 11. a4 0-0 12. 0-0 Rae8 13. Bh3 Bd8 14. d4 cxd4 15. Nxd4 Nxd4 16. cxd4 Nb8 17. Re1 Nc6 18. Nf3 Nb4 19. Be3 Be7 20. Rec1 Qd7 21. Qd2 Rc8 22. b3 Ba6 23. Bf1 Bxf1 24. Kxf1 Qb7 25. Ne1 f6 26. Rxc8 Qxc8 27. Rc1 Qa6+ 28. Qe2 fxe5 29. dxe5 Qb7 30. Nf3 Nc6 31. Qb5 Rc8 32. f5 Kf7 33. Qd3 Qd7 34. f6 gxf6 35. Qxh7+ Ke8 36. exf6 Bxf6 37. Qg8+ Ke7 38. Qg6 Qe8 39. Qh7+ Qf7 40. Qxf7+ Kxf7 41. Bf4 Ke7 42. b4 Kd7 43. b5 Na5 44. Rxc8 Kxc8 45. g4 Nc4 46. g5 Bg7 47. h4 e5 48. Bc1 Kd7 49. h5 e4 50. h6 Be5 51. g6 Ke6 52. Ng5+ 1-0

[Event "Sao Paulo 3rd"]
[Site "Sao Paulo"]
[Date "2010.02.19"]
[Round "10"]
[White "Nobre, Jose Adalberto Barb"]
[Black "Reis, Alan Maranhao"]
[Result "0-1"]
[WhiteElo "1734"]
[BlackElo "2006"]
[PlyCount "50"]
[EventDate "2010.01.16"]
[EventType "tourn"]
[EventRounds "11"]
[EventCountry "BRA"]
[SourceTitle "EXT 2022"]
[Source "ChessBase"]
[SourceDate "2021.10.06"]
[SourceVersion "1"]
[SourceVersionDate "2021.10.06"]
[SourceQuality "1"]

1. e4 e6 2. d4 d5 3. Nc3 Nf6 4. e5 Nfd7 5. Nce2 c5 6. f4 Nc6 7. c3 Qb6 8. Nf3 cxd4 9. cxd4 Bb4+ 10. Bd2 0-0 11. f5 exf5 12. Nf4 Nxd4 13. Nxd5 Nxf3+ 14. gxf3 Bxd2+ 15. Qxd2 Qe6 16. f4 Nxe5 17. fxe5 Qxe5+ 18. Be2 Rd8 19. 0-0-0 Be6 20. Ne7+ Kf8 21. Ng6+ hxg6 22. Qb4+ Kg8 23. Rhe1 Bxa2 24. Rxd8+ Rxd8 25. Bc4 Qf4+ 0-1

[Event "Sao Paulo 3rd"]
[Site "Sao Paulo"]
[Date "2010.02.13"]
[Round "8"]
[White "Rodrigues, Bruno Morado"]
[Black "Reis, Alan Maranhao"]
[Result "0-1"]
[WhiteElo "2042"]
[BlackElo "2006"]
[PlyCount "58"]
[EventDate "2010.01.16"]
[EventType "tourn"]
[EventRounds "11"]
[EventCountry "BRA"]
[SourceTitle "EXT 2022"]
[Source "ChessBase"]
[SourceDate "2021.10.06"]
[SourceVersion "1"]
[SourceVersionDate "2021.10.06"]
[SourceQuality "1"]

1. e4 e6 2. d4 d5 3. e5 c5 4. c3 Nc6 5. Nf3 cxd4 6. cxd4 Qb6 7. Bd3 Nge7 8. Na3 Nf5 9. Nc2 Bd7 10. Be2 Be7 11. a3 a5 12. g4 Nh4 13. Nxh4 Bxh4 14. Be3 0-0 15. g5 Ne7 16. Bd3 Bb5 17. 0-0 Bxd3 18. Qxd3 f6 19. f4 fxg5 20. fxg5 Nf5 21. Rad1 Rac8 22. Bc1 Qd8 23. Qd2 Bxg5 24. Qd3 Bxc1 25. Rxc1 Qh4 26. Qd2 Rc4 27. b3 Rc6 28. Rf2 Rfc8 29. Rg2 Nxd4 0-1

[Event "Sao Paulo 3rd"]
[Site "Sao Paulo"]
[Date "2010.02.10"]
[Round "6"]
[White "Van Riemsdijk, Dirk Dagobert"]
[Black "Reis, Alan Maranhao"]
[Result "1-0"]
[WhiteElo "2190"]
[BlackElo "2006"]
[PlyCount "33"]
[EventDate "2010.01.16"]
[EventType "tourn"]
[EventRounds "11"]
[EventCountry "BRA"]
[SourceTitle "EXT 2022"]
[Source "ChessBase"]
[SourceDate "2021.10.06"]
[SourceVersion "1"]
[SourceVersionDate "2021.10.06"]
[SourceQuality "1"]

1. e4 e6 2. d4 d5 3. Nd2 Nf6 4. e5 Nfd7 5. Bd3 c5 6. c3 Nc6 7. Ne2 cxd4 8. cxd4 Qb6 9. 0-0 Be7 10. Nf3 f6 11. exf6 Nxf6 12. Bf4 0-0 13. Be5 Nxe5 14. Nxe5 Qxb2 15. Rb1 Qxa2 16. Rb3 b6 17. Nc3 1-0

[Event "Sao Paulo 3rd"]
[Site "Sao Paulo"]
[Date "2010.02.04"]
[Round "3"]
[White "Reis, Alan Maranhao"]
[Black "Sztokbant, Bernardo Vainzoff"]
[Result "0-1"]
[WhiteElo "2006"]
[BlackElo "1957"]
[PlyCount "132"]
[EventDate "2010.01.16"]
[EventType "tourn"]
[EventRounds "11"]
[EventCountry "BRA"]
[SourceTitle "EXT 2022"]
[Source "ChessBase"]
[SourceDate "2021.10.06"]
[SourceVersion "1"]
[SourceVersionDate "2021.10.06"]
[SourceQuality "1"]

1. d4 Nf6 2. c4 c5 3. d5 b5 4. cxb5 a6 5. bxa6 Bxa6 6. Nc3 g6 7. Nf3 d6 8. g3 Bg7 9. Bg2 0-0 10. 0-0 Nbd7 11. Re1 Qa5 12. Qc2 e6 13. dxe6 fxe6 14. Ng5 Rae8 15. Bf4 Qb6 16. Bh3 d5 17. e4 d4 18. Na4 Qc6 19. b3 Nh5 20. Qd2 e5 21. Bxd7 Qxd7 22. Nxc5 Qe7 23. Bxe5 Qxc5 24. Bxg7 Nxg7 25. Rac1 Qb6 26. b4 h6 27. Nh3 g5 28. f4 Qg6 29. fxg5 Qh5 30. Nf4 Qxg5 31. Rc5 Qg4 32. Rc6 Bb7 33. Rg6 Qd7 34. Nh5 Re7 35. Nf6+ Rxf6 36. Rxf6 d3 37. Re3 Qd4 38. Rf4 Bxe4 39. Kf1 Bg2+ 40. Kf2 Qa7 41. Qxd3 Bc6 42. a3 Bb5 43. Qd8+ Re8 44. Qd4 Qa8 45. Rxe8+ Qxe8 46. Qd5+ Kh8 47. Qe4 Qd8 48. Qd4 Qe7 49. Qe4 Qd8 50. Qd4 Qe7 51. Qe3 Qd8 52. Qc3 Qe7 53. Kg1 Qd7 54. Rd4 Qf5 55. Qe1 Ne6 56. Re4 Ng5 57. Qc3+ Kg8 58. Qb3+ Kg7 59. Qc3+ Kg6 60. Rf4 Nh3+ 61. Kg2 Nxf4+ 62. gxf4 Qxf4 63. Qg3+ Qxg3+ 64. Kxg3 Kg5 65. Kh3 h5 66. Kg3 h4+ 0-1

[Event "Paulista-ch final"]
[Site "Itapetininga"]
[Date "2009.10.03"]
[Round "3"]
[White "Martins, Vinicius Tine"]
[Black "Reis, Alan Maranhao"]
[Result "1-0"]
[WhiteElo "2264"]
[BlackElo "2011"]
[PlyCount "97"]
[EventDate "2009.10.02"]
[EventType "swiss"]
[EventRounds "6"]
[EventCountry "BRA"]
[SourceTitle "CBM 132 Extra"]
[Source "ChessBase"]
[SourceDate "2009.11.03"]
[SourceVersion "1"]
[SourceVersionDate "2009.11.03"]
[SourceQuality "1"]

1. e4 e6 2. d4 d5 3. Nc3 Nf6 4. e5 Nfd7 5. f4 c5 6. Nf3 Nc6 7. Be3 Qb6 8. Qd2 Qxb2 9. Rb1 Qa3 10. Nb5 Qxa2 11. Rc1 Rb8 12. f5 cxd4 13. Bxd4 Bb4 14. Bc3 Qa5 15. Bxb4 Qxb4 16. Nd6+ Ke7 17. c3 Qg4 18. Qe3 Nb6 19. Qc5 Nd7 20. Qa3 Ndxe5 21. Nxe5 Nxe5 22. Nxc8+ Kd8 23. Nd6 a6 24. c4 Qh4+ 25. g3 Qe7 26. c5 g6 27. Rb1 exf5 28. Be2 Nc4 29. Nxc4 dxc4 30. Qa5+ Kc8 31. Rb2 Qe3 32. Rc2 Re8 33. Rf1 Re5 34. Rf2 Rxc5 35. Qb6 c3 36. Kf1 Qe5 37. Rf3 Rc6 38. Qb4 a5 39. Qf8+ Kc7 40. Qxf7+ Kb6 41. Qb3+ Ka7 42. Rfxc3 Rxc3 43. Rxc3 Re8 44. Rc2 Qa1+ 45. Kg2 Re7 46. Rb2 Rd7 47. Qe3+ Kb8 48. Qe5+ Ka8 49. Qh8+ 1-0

[Event "Paulista-ch final"]
[Site "Itapetininga"]
[Date "2009.10.02"]
[Round "2"]
[White "Reis, Alan Maranhao"]
[Black "De Albuquerque, Antonio Lucio Ri"]
[Result "1-0"]
[WhiteElo "2011"]
[BlackElo "1782"]
[PlyCount "75"]
[EventDate "2009.10.02"]
[EventType "swiss"]
[EventRounds "6"]
[EventCountry "BRA"]
[SourceTitle "CBM 132 Extra"]
[Source "ChessBase"]
[SourceDate "2009.11.03"]
[SourceVersion "1"]
[SourceVersionDate "2009.11.03"]
[SourceQuality "1"]

1. d4 d5 2. c4 c6 3. Nc3 e6 4. Nf3 Nf6 5. Bg5 Be7 6. e3 0-0 7. Be2 Nbd7 8. 0-0 dxc4 9. Bxc4 h6 10. Bh4 Nb6 11. Bd3 Nbd5 12. Ne5 Nxc3 13. bxc3 Nd5 14. Bxe7 Nxe7 15. c4 Bd7 16. Qf3 Be8 17. Qe4 f5 18. Qf3 Ng6 19. Qg3 Nxe5 20. Qxe5 Qf6 21. Qa5 Qd8 22. Qa3 Rf6 23. c5 h5 24. f4 h4 25. Rab1 Qd7 26. Qb3 Rb8 27. Rf3 Bf7 28. Bc4 Rh6 29. Rf2 Rh8 30. Rfb2 Kh7 31. Qa3 h3 32. g3 e5 33. Bxf7 Qxf7 34. fxe5 Qd5 35. Qd3 g6 36. Rxb7+ Rxb7 37. Rxb7+ Kh6 38. Qf1 1-0